BALAKALESAM (Record no. 1249)

MARC details
000 -LEADER
fixed length control field 00377nam a2200145Ia 4500
008 - FIXED-LENGTH DATA ELEMENTS--GENERAL INFORMATION
fixed length control field 211109s9999||||xx |||||||||||||| ||und||
082 ## - DEWEY DECIMAL CLASSIFICATION NUMBER
Classification number 894.8122
Item number KAR-B
100 ## - MAIN ENTRY--PERSONAL NAME
Personal name Karuppan, K P
245 #0 - TITLE STATEMENT
Title BALAKALESAM
260 ## - PUBLICATION, DISTRIBUTION, ETC.
Name of publisher, distributor, etc. R
Place of publication, distribution, etc. Thiruvananthapuram
Date of publication, distribution, etc. 1946
300 ## - PHYSICAL DESCRIPTION
Extent 126p
630 ## - SUBJECT ADDED ENTRY--UNIFORM TITLE
General subdivision General Stack
650 ## - SUBJECT ADDED ENTRY--TOPICAL TERM
Topical term or geographic name entry element Malayalam Literature
942 ## - ADDED ENTRY ELEMENTS (KOHA)
Koha item type BOOK
650 ## - SUBJECT ADDED ENTRY--TOPICAL TERM
Form subdivision Malayalam Drama
General subdivision Malayalam
Holdings
Withdrawn status Lost status Source of classification or shelving scheme Damaged status Not for loan Home library Current library Date acquired Cost, normal purchase price Total Checkouts Full call number Barcode Shelving location Date last seen Price effective from Koha item type
    Dewey Decimal Classification     SB LIBRARY SB LIBRARY 09/11/2021 100.00   894.8122 KAR-B 00001255 GENERAL STACK 09/11/2021 09/11/2021 BOOK

Powered by Koha